| 000 | 00902cad a22002055a 4500 | ||
|---|---|---|---|
| 001 | E154643 | ||
| 008 | 120109e20111220xxk s000 0 eng d | ||
| 035 | _a(Sirsi) u154643 | ||
| 041 | 0 | _aeng | |
| 110 | 2 |
_aScotland _bScottish Government _95344 |
|
| 245 | 0 | 0 |
_aBuilding standards _h[electronic resource] |
| 260 | _c2011 | ||
| 490 |
_aScottish Government News Release _v20 December 2011 |
||
| 520 | _aThe Scottish Government has confirmed that council building standards departments will continue to be be the only verifiers permitted to check and approve building work. A recent consultation had looked at the possibility of using private verifiers. | ||
| 590 | _aKA | ||
| 651 | 4 |
_aScotland _y1999- |
|
| 690 | _aBUILT ENVIRONMENT-BUILDING STANDARDS | ||
| 856 | 4 | 0 |
_uhttps://www.scotland.gov.uk/News/Releases/2011/12/20104241 _zView the news release free of charge at www.scotland.gov.uk |
| 942 | _n0 | ||
| 999 |
_c83696 _d83696 |
||